书目信息 |
| 题名: |
周易今释
|
|
| 作者: | 郑张欢 著 | |
| 分册: | ||
| 出版信息: | 济南 齐鲁书社 2006 |
|
| 页数: | 353页 | |
| 开本: | 21cm | |
| 丛书名: | ||
| 单 册: | ||
| 中图分类: | B221.2 , B221.5 | |
| 科图分类: | ||
| 主题词: | 先秦哲学 , 先秦哲学 | |
| 电子资源: | ||
| ISBN: | 7-5333-1629-0 | |
| 000 | 00817nam0 2200277 450 | |
| 001 | 1134225947 | |
| 005 | 20151111113950.54 | |
| 010 | @a7-5333-1629-0@dCNY24.00 | |
| 100 | @a20060531d2006 em y0chiy50 ea | |
| 101 | 0 | @achi |
| 102 | @aCN@b370000 | |
| 105 | @ay z 000yy | |
| 106 | @ar | |
| 200 | 1 | @a周易今释@f郑张欢著@Azhou yi jin shi |
| 210 | @a济南@c齐鲁书社@d2006 | |
| 215 | @a353页@d21cm | |
| 330 | @a本书内容包括对中国文字学的研究、关于对《周易》科学认识产生的研究、关于对《周易》象、数、理、占有关问题的研究 | |
| 605 | @a周易 | |
| 605 | @a周易@x注释 | |
| 606 | 0 | @a先秦哲学 |
| 606 | 0 | @a先秦哲学 |
| 690 | @aB221.2@v4 | |
| 690 | @aB221.5@v4 | |
| 701 | 0 | @a郑张欢@4著@Azheng zhang huan |
| 801 | 0 | @aCN@b大连网信软件有限公司图书馆·11@c20151111 |
| 905 | @a10447@dB221.2@eJY237 | |
| 周易今释/郑张欢著.-济南:齐鲁书社,2006 |
| 353页;21cm |
| ISBN 7-5333-1629-0:CNY24.00 |
| 本书内容包括对中国文字学的研究、关于对《周易》科学认识产生的研究、关于对《周易》象、数、理、占有关问题的研究 |
| ● |
| 相关链接 |
|
|
|
|
正题名:周易今释
索取号:B221.2/JY237
 
预约/预借
| 序号 | 登录号 | 条形码 | 馆藏地/架位号 | 状态 | 备注 |
| 1 | 7824565 | 278245659 | 学院路分馆/ [索取号:B221.2/JY237] | 在馆 |